000 01173njm a22002777a 4500
005 20100909121120.0
007 sd ammalaaahaa
008 100901t xxu||||| |||| 00| 0 hin d
028 _aN.55160
_bHis Master's Voice
028 _aOJE.24745
_bHis Master's Voice
035 _aGR-01539
040 _aSED/VEN
100 _917815
_aRafi, Mohd.
245 _aSawan ki ghata /
_cby Mohd. Rafi & Asha Bhosle : music O. P. Nayyar
_h[sound recording] :
_bHindustani
246 _aसावन की घटा (मोहद. रफ़ी & आशा भोसले)
260 _aDum Dum, India
_bHis Master's Voice
_c1966
300 _a1 sound disc :
_banalog, 33 1/3 rpm
_c10 in.
500 G _aBrief record
505 _aSide-1 hoton pe hansi aankhon mein nasha (होटों पे हंसी आँखों में नशा), Meri jaan tum pe sad ke (मेरी जान तुम पे साद के)
650 _aClassical music
_xExcerpts
_zIndia
_917813
700 _918219
_aBhosle, Asha
700 _918220
710 _aO. P. Nayyar
_919101
942 _2ddc
_cGR
999 _c44739
_d44739